01002naa a2200169 a 450000100080000000500110000800800410001910000170006024500490007726000090012652005830013565000090071865000120072765000120073965000100075177300710076111359982025-10-16 2025 bl uuuu u00u1 u #d1 aALVES, J. R. aAlho - setembro/2025.h[electronic resource] c2025 aO documento apresenta, de forma sucinta, as principais informa????es conjunturais referentes ao desenvolvimento da produ????o e dos mercados para os produtos selecionados. Para isso, o Boletim Agropecu??rio cont??m informa????es referentes ao ??ltimo m??s e at?? a primeira quinzena do m??s seguinte. Al??m das informa????es por produto, eventualmente poder??o ser divulgados neste documento textos com an??lises conjunturais pertinentes e oportunas, chamando a aten????o para aspectos n??o especificamente voltados ao mercado do produto, como, por exemplo, custo de produ????o. aalho amercado apre??os aSafra tBoletim Agropecu??rio, Florian??polis, SCgn. 148, p. 28-30, 2025.